000 00785nam a22002292 4500
001 0000005251
005 20151217145824.0
008 070611s xx 000 0 eng d
020 _a0198564538 (pbk.) :
_cKES 3,530
040 _aKABU
_cKABU
050 0 _aTK7888.3
_b.C64 2000
100 1 _aClements, Alan,
_d1948-.
_@0000156437
245 1 4 _aThe Principles of computer hardware /
_cAlan Clements.
250 _a3rd ed.
260 _aOxford :
_bOxford University Press,
_c2000.
300 _axvi, 716 p. :
_bill. ;
_c26 cm. +
_e1 computer optical disc (4 3/4 in.)
504 _aIncludes bibliographical references and index.
650 0 _aElectronic digital computers.
_@0000071023
908 _a070611
950 _@1
999 _c2943
_d2943